00459nam a2200109Ia 4500008004100000050002300041100003200064245011100096260008600207300002900293521002700322140724s9999 xx 000 0 und d aT 58.4b.N322 2014 aNavarro, Diana Francesca M. aPatient information system for doctors at Asian Hospital and Medical Center /cDiana Francesca M. Navarro. aLas Piñas, Philippines :bSouthville International School and Colleges,cc2014. a141 p. :bill. ;c28 cm. aInformation Technology